01700 a2200229 4500003000500000005001700005010001600022020002800038040000900066082001400075245006400089250001200153260003600165300009400201440004100295505092800336650004901264650002501313650004901338650005601387700002701443NUST20230102130831.0 a 97048421 a0890069824 (alk. paper) cNust00a364.4,OPT00aOptical document security /cRudolf L. van Renesse, editor. a2nd ed. aBoston :bArtech House,cc1998. axxviii, 505 p. :bill. (some col.) ;c24 cm. +e1 computer laser optical disc (4 3/4 in.) 0aArtech House optoelectronics library aForensic Aspects of Document Counterfeit (Page-1), Security Design of Valuable Documents and Products (Page-29) The Evaluation of Document Fraud Resistance(Page-57) Introduction to Optical Document Security (Page-75), Security Papers and Special Effects (Page-113), The Historical Development of Security Printing : Design and Technology(Page-131), Security Printing Techniques,151.: Digital Copying Security Elements (Page-151), Noniridescent Optically Variable Devices (Page-201), Document Protection by Optically Variable Graphics (Kinegram) (Page-247), Zero-Order Grating Microstructures (Page-267), Optical Thin-Film Security Devices (Page-289), Liquid Crystal Security Devices (Page-329), Iridescent Optically Variable Devices : A Survey (Page-349), Retroreflective Security Devices (Page-387), Optical Security in Laminates (Page- 405), Identification Cards (Page-427), An Introduction to Biometrics (Page-451). 0aCounterfeits and counterfeitingxPrevention. 0aForgeryxPrevention. 0aIdentification cardsxForgeriesxPrevention. 0aReproduction of money, documents, etc.xPrevention.1 aVan Renesse, Rudolf L.